000 00567nam a2200181 i 4500
001 105954
003 ES-MaACL
007 t|
008 060914s1949 fr ||||1| fre d
080 _a338.2(4-664)
100 1 _aPopovic, Melentije.
_993102
245 1 0 _aDes rapports économiques entre états socialistes /
_cMelentije Popovic.
260 _aParis :
_bLe Livre Yougoslave,
_c1949.
300 _a140 p. ;
_c17 cm.
500 _aBiblioteca Juan Andrade.
651 4 _aPaíses comunistas-
_xPolítica económica.
_99170
852 _aES-MaACL
_jAND-964
_bR.110252
999 _c105954
_d105954